000 00419nam a2200169Ia 4500
003 GCL
008 140319s9999 xx 000 0 eng d
040 _aGCL /
_cGCL
082 0 4 _a050
_bc c
100 1 _aAL-MAAREF
245 1 0 _aCAHIERS D.HISTOIRE EGYPTIENNE (1949:1960) 11 vol /
_cAL-MAAREF
260 _a[S.N] :
_bAL-MAAREF ،
_c1949
650 0 4 _aEGYPT
650 0 4 _aCAIRO
650 0 4 _aSOUDAN
942 _2ddc
_cCR
999 _c25833
_d25833